Out of danger (Record no. 75341)

MARC details
000 -LEADER
fixed length control field 00731cab a2200181 4500
001 - CONTROL NUMBER
control field L129909
008 - FIXED-LENGTH DATA ELEMENTS--GENERAL INFORMATION
fixed length control field 050603n2005 000 0 eng u
035 ## - SYSTEM CONTROL NUMBER
System control number (Sirsi) u129909
041 ## - LANGUAGE CODE
Language code of text/sound track or separate title eng
100 ## - MAIN ENTRY--PERSONAL NAME
Personal name Roberts, Gwyn
245 ## - TITLE STATEMENT
Title Out of danger
260 ## - PUBLICATION, DISTRIBUTION, ETC.
Date of publication, distribution, etc. 2005
490 ## - SERIES STATEMENT
Series statement Property Week
Volume/sequential designation 70(20) 20 May 2005, 66-69(4)
520 ## - SUMMARY, ETC.
Summary, etc. Reports on the redevelopment of a previously crime-ridden London square near Oxford Street. The mixed-use development will contain retail, residential office units and help regenerate the area. Sedley Place will also act as a catalyst to revitalising Oxford Street itself.
590 ## - LOCAL NOTE (RLIN)
Local note IKA070605
690 ## - LOCAL SUBJECT ADDED ENTRY--TOPICAL TERM (OCLC, RLIN)
Topical term or geographic name as entry element PROPERTY-COMMERCIAL PROPERTY-COMMERCIAL PROPERTY DEVELOPMENT
942 ## - ADDED ENTRY ELEMENTS (KOHA)
Suppress in OPAC 0
Holdings
Withdrawn status Lost status Source of classification or shelving scheme Damaged status Not for loan Home library Current library Shelving location Date acquired Total Checkouts Full call number Barcode Date last seen Copy number Price effective from Koha item type
    Dewey Decimal Classification     London London Journal article 03/06/2005   L129909 129909-1001 06/08/2019 1 06/08/2019 Journal article